00748 a2200205 4500010001400000020002300014035001300037037001800050082001100068090001500079100002200094245006000116260003800176270007400214300002800288500005000316942002600366999001500392952013500407 aENG-85225 a8185396493c500.00 aEN-68758 bD.B.Act / Pub14a363.34 c1714d17141 aGupta, Vishwa Jit1 aNatural disasters and environmentcby Vishwa Jit Gupta aNew DelhibS. S. Publishersc2006 aIX/5572, West Seelampur, Gandhi NagarbDelhicDelhie110031k22433202 avi, 234 p.c21 cm. (Hb) aIncludes bibliographical references and index adplcENk363.34 / GUP c1684d1684 00102ddc40718NFICaDBADbDBADeDBAD/PUBg500.00l0o363.34 GUPpEN-68758r2008-09-15 00:00:00t1u1782v500.00w2008-09-15yEN